<?xml version="1.0" encoding="UTF-8"?>
<record
    xmlns:xsi="http://www.w3.org/2001/XMLSchema-instance"
    xsi:schemaLocation="http://www.loc.gov/MARC21/slim http://www.loc.gov/standards/marcxml/schema/MARC21slim.xsd"
    xmlns="http://www.loc.gov/MARC21/slim">

  <leader>01152njm a2200277 i 4500</leader>
  <controlfield tag="001">4569</controlfield>
  <controlfield tag="003">ES-MaACL</controlfield>
  <controlfield tag="005">20250728095140.0</controlfield>
  <controlfield tag="007">s|r|||||||||||</controlfield>
  <controlfield tag="008">041207s1982    sp ||| g ||||||||1|nspa d</controlfield>
  <datafield tag="245" ind1="0" ind2="0">
    <subfield code="a">Presentaci&#xF3;n del libro "La nueva econom&#xED;a liberal" de Lucas Beltr&#xE1;n </subfield>
    <subfield code="h">[Grabaci&#xF3;n sonora] / </subfield>
    <subfield code="c">intervienen Fernando Chueca Goitia, Pedro Schwartz, Jaime Su&#xE1;rez y Lucas Beltr&#xE1;n.</subfield>
  </datafield>
  <datafield tag="260" ind1=" " ind2=" ">
    <subfield code="a">Madrid : </subfield>
    <subfield code="b">Ateneo de Madrid, </subfield>
    <subfield code="c">1982.</subfield>
  </datafield>
  <datafield tag="300" ind1=" " ind2=" ">
    <subfield code="a">1 disco (CD-DA) (29 min. 41 seg.) ; </subfield>
    <subfield code="c">12 cm.</subfield>
  </datafield>
  <datafield tag="500" ind1=" " ind2=" ">
    <subfield code="a">Datos basados en invitaci&#xF3;n.</subfield>
  </datafield>
  <datafield tag="518" ind1=" " ind2=" ">
    <subfield code="a">Acto organizado por el Ateneo de Madrid, grabado en el mi&#xE9;rcoles 24 de noviembre de 1982, a las 19:30 h.</subfield>
  </datafield>
  <datafield tag="610" ind1="2" ind2="4">
    <subfield code="a">Ateneo de Madrid-</subfield>
    <subfield code="x">Actos culturales-</subfield>
    <subfield code="y">1982-</subfield>
    <subfield code="v">Grabaciones sonoras.</subfield>
    <subfield code="9">1895</subfield>
  </datafield>
  <datafield tag="650" ind1=" " ind2="7">
    <subfield code="a">Liberalismo econ&#xF3;mico</subfield>
    <subfield code="2">embne</subfield>
    <subfield code="9">135483</subfield>
  </datafield>
  <datafield tag="700" ind1="1" ind2=" ">
    <subfield code="a">Chueca Goitia, Fernando,</subfield>
    <subfield code="d">1911-2004</subfield>
    <subfield code="9">38688</subfield>
  </datafield>
  <datafield tag="700" ind1="1" ind2=" ">
    <subfield code="a">Schwartz, Pedro.</subfield>
    <subfield code="9">104874</subfield>
  </datafield>
  <datafield tag="700" ind1="1" ind2=" ">
    <subfield code="a">Su&#xE1;rez, Jaime.</subfield>
    <subfield code="9">108564</subfield>
  </datafield>
  <datafield tag="700" ind1="1" ind2=" ">
    <subfield code="a">Beltr&#xE1;n, Lucas.</subfield>
    <subfield code="9">27346</subfield>
  </datafield>
  <datafield tag="710" ind1="2" ind2=" ">
    <subfield code="a">Ateneo de Madrid.</subfield>
    <subfield code="9">1875</subfield>
  </datafield>
  <datafield tag="852" ind1=" " ind2=" ">
    <subfield code="a">ES-MaACL</subfield>
    <subfield code="j">ROT 4/7/19</subfield>
    <subfield code="9">4686</subfield>
    <subfield code="c">ROT</subfield>
  </datafield>
  <datafield tag="942" ind1=" " ind2=" ">
    <subfield code="2">udc</subfield>
  </datafield>
  <datafield tag="999" ind1=" " ind2=" ">
    <subfield code="c">4569</subfield>
    <subfield code="d">4569</subfield>
  </datafield>
  <datafield tag="952" ind1=" " ind2=" ">
    <subfield code="0">0</subfield>
    <subfield code="1">0</subfield>
    <subfield code="2">udc</subfield>
    <subfield code="4">0</subfield>
    <subfield code="7">0</subfield>
    <subfield code="8">archivo_palabra</subfield>
    <subfield code="a">ATENEOM</subfield>
    <subfield code="b">ATENEOM</subfield>
    <subfield code="c">ROT</subfield>
    <subfield code="d">2008-01-17</subfield>
    <subfield code="l">0</subfield>
    <subfield code="o">ROT 4/7/19</subfield>
    <subfield code="p">1004632</subfield>
    <subfield code="r">2023-02-23 00:00:00</subfield>
    <subfield code="w">2023-02-23</subfield>
    <subfield code="y">CDROM</subfield>
  </datafield>
</record>
